[Event "5th Classic Open 2013"]
[Site "London ENG"]
[Date "2013.12.08"]
[Round "2.39"]
[White "Ortega Ruiz, Jose Miguel"]
[Black "McKerracher, Douglas"]
[Result "1-0"]
[WhiteTitle "FM"]
[WhiteElo "2366"]
[BlackElo "2010"]
[WhiteFideId "2209713"]
[BlackFideId "2401002"]
[EventDate "2013.12.07"]

1. d4 f5 2. e4 fxe4 3. Nc3 Nf6 4. Bg5 Nc6 5. d5 Ne5 6. Qe2 c6 7. O-O-O Nxd5 8.
Nxd5 Nf7 9. Bh4 cxd5 10. Rxd5 b6 11. Qb5 Bb7 12. Rd1 Qc7 13. Bg3 Qc6 14. Qb3 a6
15. Ne2 e5 16. Nc3 Rc8 17. f3 exf3 18. gxf3 Be7 19. Kb1 b5 20. Bh3 Rd8 21. Nd5
Qc4 22. Qxc4 bxc4 23. Nc7+ Kf8 24. Bxd7 Bxf3 25. Ne6+ Kg8 26. Nxd8 Nxd8 27. Bxe5
Bxh1 28. Rxh1 Kf7 29. Re1 Bf6 30. Bxf6 gxf6 31. a4 a5 32. Bb5 c3 33. b3 f5 34.
Re3 Kf6 35. Rxc3 Ne6 36. Rc6 Ke5 37. Bc4 Nd4 38. Rc5+ 1-0

[Event "5th Classic Open 2013"]
[Site "London ENG"]
[Date "2013.12.08"]
[Round "2.40"]
[White "Green, Andrew D"]
[Black "Slavin, Alexey"]
[Result "0-1"]
[BlackTitle "IM"]
[WhiteElo "2148"]
[BlackElo "2363"]
[WhiteFideId "2401762"]
[BlackFideId "24104388"]
[EventDate "2013.12.07"]

1. e4 c5 2. Nf3 d6 3. d4 cxd4 4. Nxd4 Nf6 5. Nc3 Nc6 6. Be3 Ng4 7. Bb5 Nxe3 8.
fxe3 Bd7 9. O-O e6 10. Bxc6 bxc6 11. e5 Be7 12. Qh5 O-O 13. exd6 Bxd6 14. Ne4
Be7 15. Rad1 Qe8 16. Qa5 Qd8 17. Qh5 Qb6 18. Ng5 Bxg5 19. Qxg5 f6 20. Qg3 e5 21.
Nb3 Be6 22. Rd6 Rae8 23. Qe1 Bc4 24. Rf2 Rd8 25. Rfd2 Rxd6 26. Rxd6 Rd8 27.
Rxd8+ Qxd8 28. h3 h6 29. a3 Bf7 30. Nc5 Qd5 31. Qa5 Qd1+ 32. Kh2 Qxc2 33. Qd8+
Kh7 34. Nd7 h5 35. h4 Bd5 36. Nxf6+ gxf6 37. Qe7+ Kg6 38. Qe8+ Bf7 39. Qf8 Qxb2 0-1

[Event "5th Classic Open 2013"]
[Site "London ENG"]
[Date "2013.12.08"]
[Round "2.41"]
[White "Boyalakuntla, Siva"]
[Black "Maryasin, Boris"]
[Result "0-1"]
[BlackTitle "IM"]
[WhiteElo "1465"]
[BlackElo "2342"]
[WhiteFideId "423432"]
[BlackFideId "2801892"]
[EventDate "2013.12.07"]

1. a3 d5 2. Nf3 g6 3. e3 Bg7 4. c4 c6 5. Nc3 Nf6 6. cxd5 cxd5 7. d3 O-O 8. Be2
Nc6 9. h3 e5 10. Qc2 Be6 11. d4 exd4 12. exd4 Rc8 13. Be3 Ne4 14. g4 f5 15. Qb1
f4 16. Bd2 Nxd2 17. Kxd2 Nxd4 18. Qd3 Nb3+ 19. Kc2 Nxa1+ 20. Rxa1 d4 21. Nxd4
Qxd4 22. Qf3 Bd5 23. Qd3 0-1

[Event "5th Classic Open 2013"]
[Site "London ENG"]
[Date "2013.12.08"]
[Round "2.43"]
[White "Houska, Jovanka"]
[Black "Boger, Raymond"]
[Result "1-0"]
[WhiteTitle "IM"]
[WhiteElo "2415"]
[BlackElo "1937"]
[WhiteFideId "405094"]
[BlackFideId "1507419"]
[EventDate "2013.12.07"]

1. d4 Nf6 2. Nf3 g6 3. c4 Bg7 4. g3 O-O 5. Bg2 d6 6. O-O Nc6 7. Nc3 Rb8 8. Bf4
b6 9. Qd2 Re8 10. Rac1 Nd7 11. Bh6 e5 12. Bxg7 Kxg7 13. e4 exd4 14. Nxd4 Nxd4
15. Qxd4+ Ne5 16. Nd5 c6 17. Ne3 Qf6 18. Rcd1 Be6 19. f4 Nxc4 20. Qxf6+ Kxf6 21.
Nxc4 Bxc4 22. Rxd6+ Ke7 23. Rfd1 Red8 24. e5 Rxd6 25. Rxd6 Rd8 26. b3 Be6 27.
Rxd8 Kxd8 28. Bxc6 a6 29. Bb7 a5 30. Bc6 Kc7 31. Bb5 Bd7 32. Bxd7 Kxd7 33. Kf2
Kc6 34. Ke3 Kd5 35. Kd3 b5 36. a3 g5 37. h4 gxh4 38. gxh4 a4 39. b4 h5 40. Ke3
Kc4 41. f5 Kb3 42. e6 fxe6 43. fxe6 Kxa3 44. e7 Kxb4 45. e8=Q a3 46. Qxh5 a2 47.
Qe5 1-0

[Event "5th Classic Open 2013"]
[Site "London ENG"]
[Date "2013.12.08"]
[Round "2.44"]
[White "Nettleton, Charlie B"]
[Black "Andersson, Tommy"]
[Result "1/2-1/2"]
[BlackTitle "FM"]
[WhiteElo "1913"]
[BlackElo "2370"]
[WhiteFideId "419710"]
[BlackFideId "1703803"]
[EventDate "2013.12.07"]

1. d4 Nf6 2. Nf3 e6 3. Bg5 Be7 4. e3 b6 5. Nbd2 Bb7 6. Bd3 d5 7. O-O Ne4 8. Bxe7
Qxe7 9. Ne5 Nxd2 10. Qxd2 f6 11. Nf3 e5 12. Bb5+ c6 13. Be2 O-O 14. c4 e4 15.
Ne1 dxc4 16. Bxc4+ Kh8 17. f3 exf3 18. Rxf3 c5 19. Rh3 Nc6 20. Qf2 f5 21. Nd3 g5
22. Rh6 Qg7 23. Rd6 cxd4 24. exd4 Rad8 25. Rxd8 Rxd8 26. d5 Na5 27. Rc1 Nxc4 28.
Rxc4 Rxd5 29. Qe3 Rd8 30. h4 Ba6 31. Rc3 gxh4 32. Nf4 Qd4 33. Nh5 Qxe3+ 34. Rxe3
Bc4 35. Re7 Kg8 36. Nf6+ Kf8 37. Rxa7 Rd1+ 38. Kh2 Rd2 39. Nxh7+ Ke8 40. Nf6+
Kd8 41. b3 Bf1 42. Kh3 Bxg2+ 43. Kxh4 f4 44. Ng4 Bd5 45. Kg5 f3 46. Ra4 Kc7 47.
Rf4 Rxa2 48. b4 Re2 49. Nf6 Bc6 50. Kg4 Rg2+ 51. Kf5 Rb2 52. Ke5 Kb7 53. Ng4 Ka6
54. Kd6 Bb7 55. Ne5 Rb3 56. Rf7 Rxb4 57. Nxf3 Bxf3 58. Rxf3 Rb5 59. Ra3+ Kb7 60.
Rc3 Rh5 61. Rc4 Ka6 62. Rb4 Ka5 63. Rb1 b5 64. Kc6 Ka4 65. Ra1+ Kb3 66. Rb1+ Kc4
67. Rc1+ Kd3 68. Rc5 Rxc5+ 69. Kxc5 b4 70. Kxb4 1/2-1/2

[Event "5th Classic Open 2013"]
[Site "London ENG"]
[Date "2013.12.08"]
[Round "2.45"]
[White "Crouch, Colin S"]
[Black "Jacob, Sydney J"]
[Result "1-0"]
[WhiteTitle "IM"]
[WhiteElo "2362"]
[BlackElo "1907"]
[WhiteFideId "400947"]
[BlackFideId "419338"]
[EventDate "2013.12.07"]

1. c4 g6 2. Nc3 Bg7 3. g3 c5 4. Bg2 Nc6 5. d3 b6 6. Nh3 Bb7 7. Nf4 Nf6 8. e3 e5
9. Nfd5 O-O 10. O-O Nxd5 11. Bxd5 d6 12. f4 exf4 13. gxf4 Qe7 14. Qf3 Bxc3 15.
bxc3 Nd8 16. f5 gxf5 17. Qxf5 Qe5 18. Qxe5 dxe5 19. e4 Bxd5 20. cxd5 f6 21. Bh6
Rf7 22. Rf3 Nb7 23. Kh1 Nd6 24. Rg1+ Kh8 25. Rxf6 Rd8 26. Rxf7 Nxf7 27. Bg7+ Kg8
28. Bf6+ 1-0

[Event "5th Classic Open 2013"]
[Site "London ENG"]
[Date "2013.12.08"]
[Round "2.46"]
[White "Wall, Gavin"]
[Black "Sagues, Vincent"]
[Result "1-0"]
[WhiteTitle "IM"]
[WhiteElo "2328"]
[BlackElo "1904"]
[WhiteFideId "2501244"]
[BlackFideId "625680"]
[EventDate "2013.12.07"]

1. e4 e6 2. d4 d5 3. e5 c5 4. c3 Nc6 5. Nf3 Qb6 6. a3 Nh6 7. b4 cxd4 8. cxd4 Nf5
9. Be3 f6 10. exf6 gxf6 11. Nc3 Nxe3 12. fxe3 Bh6 13. Kf2 O-O 14. Bd3 Ne7 15.
Qb3 Kh8 16. Rhe1 Bd7 17. e4 dxe4 18. Nxe4 Nd5 19. Nc5 Rad8 20. Bc4 Bc8 21. Re4
Qd6 22. Rae1 b5 23. Bxb5 Nc7 24. Bc4 e5 25. dxe5 fxe5 26. Kg1 Bg7 27. Nxe5 Bf5
28. R4e3 Bxe5 29. Rxe5 Qd4+ 30. Kh1 Bg6 31. h3 Rf2 32. R5e2 Rf4 33. Ne6 Nxe6 34.
Bxe6 Rdf8 35. Qb2 Qxb2 36. Rxb2 Be4 37. Rbe2 Bc6 38. Rc2 Bb5 39. Bd5 Rd8 40. Bf3
Rd3 41. Re7 Rd8 42. Rcc7 Bd3 43. Red7 Rxd7 44. Rxd7 1-0

[Event "5th Classic Open 2013"]
[Site "London ENG"]
[Date "2013.12.08"]
[Round "2.48"]
[White "Faldon, David J"]
[Black "Franklin, Samuel G A"]
[Result "0-1"]
[BlackTitle "FM"]
[WhiteElo "1960"]
[BlackElo "2306"]
[WhiteFideId "426016"]
[BlackFideId "468576"]
[EventDate "2013.12.07"]

1. d4 Nf6 2. Bf4 g6 3. Nc3 d5 4. Qd2 Bg7 5. h4 c5 6. e3 O-O 7. Nf3 Nc6 8. O-O-O
cxd4 9. exd4 Bf5 10. Bd3 Bxd3 11. Qxd3 Rc8 12. h5 Qb6 13. hxg6 fxg6 14. Ng5 h6
15. Qh3 Nxd4 16. Rxd4 Qxd4 17. Qe6+ Kh8 18. Be5 Qxf2 19. Nf7+ Rxf7 20. Qxc8+ Kh7
21. Qh3 Ne4 22. Nxe4 dxe4 23. Bc3 e3 24. Bxg7 Qf1+ 0-1

[Event "5th Classic Open 2013"]
[Site "London ENG"]
[Date "2013.12.08"]
[Round "2.51"]
[White "Farrand, Tom"]
[Black "Shaw, Robin A."]
[Result "1-0"]
[WhiteElo "2149"]
[BlackElo "1802"]
[WhiteFideId "406457"]
[BlackFideId "3204677"]
[EventDate "2013.12.07"]

1. d4 g6 2. e4 Bg7 3. Nf3 d6 4. Nc3 a6 5. a4 Bg4 6. Be2 Nc6 7. Be3 e5 8. dxe5
dxe5 9. O-O Nge7 10. Nd5 Nxd5 11. exd5 Ne7 12. c4 Nf5 13. Bc5 Nd6 14. Nxe5 Bxe5
15. Bxg4 O-O 16. g3 Re8 17. Qc2 h5 18. Bh3 Qf6 19. Be3 h4 20. c5 Nf5 21. Bxf5
gxf5 22. Qd2 hxg3 23. hxg3 Qg6 24. Rae1 Qg4 25. Bf4 Bxf4 26. Qxf4 Qxf4 27. gxf4
Re4 28. Rxe4 fxe4 29. Rd1 Rd8 30. Kf1 f5 31. Ke2 Kf7 32. Ke3 Kf6 33. a5 Rd7 34.
Kd4 Rd8 35. Rh1 Kg7 36. Ke5 Kg6 37. Rg1+ 1-0

[Event "5th Classic Open 2013"]
[Site "London ENG"]
[Date "2013.12.08"]
[Round "2.53"]
[White "Leung, Ho Yan Andrew"]
[Black "Sellmair, Reinhard"]
[Result "1-0"]
[WhiteElo "1708"]
[BlackElo "1988"]
[WhiteFideId "6000290"]
[BlackFideId "12946990"]
[EventDate "2013.12.07"]

1. e4 e6 2. d4 d5 3. e5 c5 4. c3 Nc6 5. Nf3 Bd7 6. a3 f6 7. Bd3 cxd4 8. cxd4 Qb6
9. O-O Be7 10. b4 O-O-O 11. Be3 Kb8 12. Nc3 Rc8 13. Na4 Qd8 14. Nc5 g5 15. b5
Nxe5 16. Nxe5 fxe5 17. Nxd7+ Qxd7 18. dxe5 Bc5 19. Bxg5 Bd4 20. Ra2 Bxe5 21. Re1
Bc3 22. Bf4+ Ka8 23. Be5 Bxe1 24. Qxe1 Nh6 25. Bxh8 Rxh8 26. Qe5 Rc8 27. Rc2 Ng4
28. Rxc8+ Qxc8 29. Qg7 e5 30. h3 e4 31. Bf1 Nxf2 32. Kxf2 Qc5+ 33. Kg3 a6 34.
bxa6 bxa6 35. Qg8+ Kb7 36. Qxh7+ Kb8 37. Qh8+ Ka7 38. Qg7+ Ka8 39. Qg8+ Kb7 40.
Qf7+ Ka8 41. Qe8+ Kb7 42. Qd7+ Kb8 43. Kh2 Qf8 44. Qxd5 Qxf1 45. Qxe4 Qc1 46. a4
Qc7+ 47. g3 Qd7 48. h4 Qd2+ 49. Kh3 Qd7+ 50. g4 Qf7 51. h5 Qf1+ 52. Kh4 Qf6+ 53.
g5 Qf2+ 54. Kg4 Qg1+ 55. Kf5 1-0

[Event "5th Classic Open 2013"]
[Site "London ENG"]
[Date "2013.12.08"]
[Round "2.54"]
[White "Kiik, Kalle"]
[Black "Woong, Zhi Wei William"]
[Result "0-1"]
[WhiteTitle "IM"]
[WhiteElo "2435"]
[BlackElo "1837"]
[WhiteFideId "4500075"]
[BlackFideId "5804906"]
[EventDate "2013.12.07"]

1. e4 c5 2. Nf3 e6 3. b3 d6 4. Bb2 Nf6 5. e5 dxe5 6. Nxe5 a6 7. Bd3 Nbd7 8. f4
Qc7 9. O-O Bd6 10. Qe2 Nd5 11. g3 N7f6 12. a3 b5 13. c4 bxc4 14. Nxc4 Qe7 15.
Be5 Bc7 16. Nc3 O-O 17. Na4 Rd8 18. Bc2 a5 19. Qf2 Ng4 20. Qf3 Nxe5 21. fxe5 Ba6
22. Qe4 g6 23. Rf2 Rf8 24. Re1 Rad8 25. Nab2 Qd7 26. Qg4 Ne7 27. Qg5 Nc6 28. Be4
Qe7 29. Rf6 Qd7 30. Rf2 Qe7 31. Rf6 Qd7 32. Bg2 Rb8 33. Re4 Nd4 34. Rh4 Nf5 35.
Rxf5 exf5 36. Qh6 f6 37. Bd5+ Kh8 38. Qxg6 Qg7 39. Qxf5 fxe5 40. Qc2 Bb7 41.
Bxb7 Rxb7 42. Ne3 Qf7 43. Kg2 Bd8 44. Rg4 Rb6 45. Qxc5 Qf2+ 46. Kh1 Qe1+ 47. Kg2
Rf2+ 48. Kh3 Rh6+ 49. Rh4 Bxh4 50. gxh4 Rxh4+ 51. Kxh4 Rf4+ 52. Kh3 Qh4+ 0-1

[Event "5th Classic Open 2013"]
[Site "London ENG"]
[Date "2013.12.08"]
[Round "2.55"]
[White "Roberts, Paul"]
[Black "Pleininger, Rudolf"]
[Result "1/2-1/2"]
[WhiteTitle "CM"]
[WhiteElo "2215"]
[BlackElo "1968"]
[WhiteFideId "2400600"]
[BlackFideId "1305999"]
[EventDate "2013.12.07"]

1. d4 Nf6 2. Nf3 g6 3. Bf4 d6 4. e3 Bg7 5. Be2 O-O 6. h3 Nfd7 7. O-O e5 8. Bh2
Nc6 9. c4 exd4 10. exd4 Qf6 11. d5 Nd4 12. Nc3 a6 13. Nxd4 Qxd4 14. Qc2 Nc5 15.
Rad1 Bf5 16. Qc1 Qh4 17. Bg3 Qf6 18. Bf4 Ne4 19. Nxe4 Bxe4 20. b3 Rae8 21. Be3
Qb2 22. Qxb2 Bxb2 23. Bd3 1/2-1/2

[Event "5th Classic Open 2013"]
[Site "London ENG"]
[Date "2013.12.08"]
[Round "2.56"]
[White "James, Angus S"]
[Black "Williamson, Roger G"]
[Result "0-1"]
[WhiteElo "1941"]
[BlackElo "2150"]
[WhiteFideId "470503"]
[BlackFideId "414620"]
[EventDate "2013.12.07"]

1. e4 e5 2. Nf3 Nc6 3. Bc4 Nf6 4. d3 d5 5. exd5 Nxd5 6. O-O Bc5 7. h3 O-O 8. Re1
Nb6 9. Bb3 a5 10. a4 Bf5 11. Nc3 Bg6 12. Bg5 Qd7 13. Ne4 Bb4 14. c3 Be7 15. Bxe7
Qxe7 16. Qe2 Rad8 17. Rad1 Nd5 18. Bc4 Nb6 19. Bb3 Rfe8 20. Rd2 Kh8 21. Red1 h6
22. Ng3 f5 23. Nh2 Rd6 24. f4 Qh4 25. Qf2 exf4 26. Ne2 Qxf2+ 27. Kxf2 Bh5 28. d4
Rd7 29. Rf1 g5 30. Nc1 Bf7 31. Bxf7 Rxf7 32. b3 Nd5 33. c4 Ndb4 34. Re1 Rfe7 35.
Rxe7 Rxe7 36. Nf3 Re3 37. d5 Ne5 38. Nd4 Ned3+ 39. Nxd3 Nxd3+ 40. Kg1 Re1+ 41.
Kh2 Nc5 42. Nxf5 Ne4 43. Rc2 Kh7 44. c5 Kg6 45. g4 f3 46. d6 cxd6 47. cxd6 f2
48. Ng3 Nxg3 49. Rxf2 Ne4 50. Rd2 Nxd2 51. d7 Nf3+ 0-1

[Event "5th Classic Open 2013"]
[Site "London ENG"]
[Date "2013.12.08"]
[Round "2.57"]
[White "White, David J"]
[Black "Sathyanandha, Saravanan"]
[Result "0-1"]
[WhiteElo "1915"]
[BlackElo "2144"]
[WhiteFideId "402931"]
[BlackFideId "470929"]
[EventDate "2013.12.07"]

1. e4 e6 2. d4 d5 3. e5 c5 4. c3 Qb6 5. Nf3 Nc6 6. Bd3 cxd4 7. cxd4 Bd7 8. O-O
Nxd4 9. Nxd4 Qxd4 10. Nc3 a6 11. Qe2 Ne7 12. Kh1 Nc6 13. f4 Bc5 14. Bd2 Nb4 15.
Bb1 Ba7 16. a3 Nc6 17. b4 g6 18. b5 Na5 19. bxa6 bxa6 20. Qxa6 O-O 21. Qxa5 Bb6
22. Nb5 Bxa5 23. Nxd4 Bxd2 24. Ra2 Bc3 25. Rd1 Ba4 26. Bc2 Bxd4 27. Rxd4 Rfc8
28. Bxa4 Rxa4 29. Rd1 Rxf4 30. a4 Ra8 31. a5 Ra6 32. Re1 Rc4 33. Kg1 Rc5 34.
Rea1 d4 35. Ra4 Rxe5 36. Rxd4 Rexa5 37. Rad1 Ra1 38. Kf2 Rxd1 39. Rxd1 Kg7 40.
Kf3 Ra3+ 41. Kf4 Ra2 42. Kf3 Kf6 43. h4 Ra3+ 44. Ke2 h5 45. Rf1+ Ke7 46. Kf2 e5
47. Rb1 Ke6 48. Rb7 f6 49. Rg7 Kf5 50. Rg8 Ra4 51. g3 Ra2+ 52. Ke3 e4 53. Re8
Rg2 54. Rxe4 Rxg3+ 0-1

[Event "5th Classic Open 2013"]
[Site "London ENG"]
[Date "2013.12.08"]
[Round "2.58"]
[White "Tozer, Philip A A"]
[Black "Millward, Kevin P"]
[Result "0-1"]
[WhiteElo "2141"]
[BlackElo "1950"]
[WhiteFideId "419982"]
[BlackFideId "404721"]
[EventDate "2013.12.07"]

1. c4 d6 2. g3 g6 3. Nc3 Bg7 4. Bg2 Nc6 5. Nf3 e5 6. O-O Be6 7. d3 h6 8. Rb1 Qd7
9. Re1 Nge7 10. b4 O-O 11. b5 Nd4 12. Nxd4 exd4 13. Nd5 Bxd5 14. cxd5 g5 15. Qc2
f5 16. Qc4 f4 17. Be4 fxg3 18. hxg3 Nf5 19. Bb2 h5 20. Bxf5 Qxf5 21. Bxd4 h4 22.
f3 Qh3 23. g4 Qg3+ 24. Kh1 Rf4 0-1

[Event "5th Classic Open 2013"]
[Site "London ENG"]
[Date "2013.12.08"]
[Round "2.61"]
[White "Schmitz, Tim"]
[Black "Wallace, Paul"]
[Result "0-1"]
[WhiteElo "1909"]
[BlackElo "2130"]
[WhiteFideId "1270221"]
[BlackFideId "2500892"]
[EventDate "2013.12.07"]

1. e4 e5 2. Nf3 Nc6 3. Bb5 f5 4. Nc3 Nf6 5. exf5 e4 6. Ng5 d5 7. d3 Bxf5 8. dxe4
dxe4 9. Be3 h6 10. Nh3 Bxh3 11. gxh3 Bb4 12. Qe2 Bxc3+ 13. bxc3 O-O 14. Bxc6
bxc6 15. Rg1 Kh8 16. Rd1 Qc8 17. Rg3 Qe6 18. c4 Rad8 19. Rxd8 Rxd8 20. h4 Qe5
21. Kf1 Qa1+ 22. Kg2 Rd1 23. f3 Nh5 24. Rg4 Re1 25. Qf2 Qd1 26. Kh3 Rf1 27. Qd2
Qxf3+ 0-1

[Event "5th Classic Open 2013"]
[Site "London ENG"]
[Date "2013.12.08"]
[Round "2.62"]
[White "Maduekwe, Chiedu"]
[Black "Matthew, Ian G"]
[Result "1-0"]
[WhiteElo "2126"]
[BlackElo "1910"]
[WhiteFideId "8500118"]
[BlackFideId "423165"]
[EventDate "2013.12.07"]

1. d4 d5 2. c4 c6 3. Nf3 e6 4. Qc2 dxc4 5. Qxc4 b5 6. Qc2 Bb7 7. e3 Nd7 8. a4
Bb4+ 9. Bd2 Qa5 10. Bd3 Ngf6 11. O-O c5 12. dxc5 Bxf3 13. axb5 Qc7 14. gxf3 Bxd2
15. Nxd2 Qxc5 16. Qxc5 Nxc5 17. Be2 Rd8 18. Nc4 Rd7 19. Ne5 Rd2 20. Rxa7 O-O 21.
b4 Ncd7 22. Nxd7 Nxd7 23. Rc1 Nb6 24. Kf1 Rb2 25. Rc6 Rb1+ 26. Kg2 Nd5 27. b6
Rxb4 28. b7 Ne7 29. Rc7 1-0

[Event "5th Classic Open 2013"]
[Site "London ENG"]
[Date "2013.12.08"]
[Round "2.63"]
[White "McCarthy, Damian"]
[Black "Warman, Simon M"]
[Result "1-0"]
[WhiteElo "1905"]
[BlackElo "2119"]
[WhiteFideId "422240"]
[BlackFideId "408867"]
[EventDate "2013.12.07"]

1. e4 c5 2. Nf3 e6 3. d4 cxd4 4. Nxd4 a6 5. Nc3 Qc7 6. Bd3 Nf6 7. f4 Bb4 8. O-O
Bc5 9. Ne2 Nc6 10. c3 b5 11. Kh1 Qa7 12. Be3 Ng4 13. Bg1 Bb7 14. Nxc6 Bxc6 15.
Nd4 h5 16. Qe2 Bb7 17. b4 Bb6 18. a4 Qb8 19. axb5 axb5 20. Rxa8 Bxa8 21. Nxb5
Bxg1 22. Kxg1 g5 23. h3 Qb6+ 24. Nd4 gxf4 25. hxg4 hxg4 26. Qxg4 e5 27. Qg7 Rh5
28. g4 Rh3 29. Qxe5+ Kd8 30. Bb1 Rxc3 31. Qa5 Qxa5 32. bxa5 Ra3 33. Rxf4 Rxa5
34. Rxf7 Ra4 35. Kf2 Ke8 36. Rh7 d5 37. Ke3 Ra1 38. exd5 Bxd5 39. Bf5 Kf8 40.
Kf4 Kg8 41. Rc7 Ra4 42. Ke5 Bf7 43. Ne6 Ra8 44. Kf6 Bxe6 45. Bxe6+ Kh8 46. Kg6 1-0

[Event "5th Classic Open 2013"]
[Site "London ENG"]
[Date "2013.12.08"]
[Round "2.64"]
[White "Harari, Zaki"]
[Black "Dydak, Mateusz"]
[Result "0-1"]
[WhiteElo "2118"]
[BlackElo "1901"]
[WhiteFideId "2002639"]
[BlackFideId "2612305"]
[EventDate "2013.12.07"]

1. e4 e6 2. d4 d5 3. Nc3 dxe4 4. Nxe4 Nd7 5. Nf3 Ngf6 6. Ng3 c5 7. Be2 Qc7 8.
O-O Be7 9. c4 cxd4 10. Nxd4 a6 11. Bg5 O-O 12. Rc1 Rd8 13. Qc2 Nf8 14. Rfd1 Ng6
15. c5 h6 16. Be3 Nf4 17. Bf3 N4d5 18. Bd2 Bd7 19. Nb3 Ba4 20. Qc4 Bb5 21. Qh4
Nh7 22. Qh5 Nhf6 23. Qh4 Nh7 24. Qd4 a5 25. Nh5 Nhf6 26. Nxf6+ Nxf6 27. Bf4 Qc8
28. Qe5 Rxd1+ 29. Rxd1 Nd7 30. Qc3 Bf6 31. Qc2 a4 32. Nd4 Bxd4 33. Rxd4 Qxc5 34.
Qxc5 Nxc5 35. Rb4 Bc6 36. Bxc6 bxc6 37. Be3 Nd3 38. Rb6 Rc8 39. Kf1 e5 40. f3 f6
41. Ke2 Rd8 42. g3 Rd6 43. b3 axb3 44. Rxb3 e4 45. fxe4 Ne5 46. a4 Nc4 47. Bf4
Rd4 48. Bc7 Rd2+ 49. Ke1 Ra2 50. Rb4 Ne5 51. Rb8+ Kf7 52. a5 Nd3+ 53. Kd1 Nc5
54. Ra8 Ke6 55. Bb6 Nd7 56. Be3 Kd6 57. Kc1 c5 58. Kb1 Ra4 59. Kb2 Kc6 60. Kb3
Rxe4 61. Bf4 Kb7 62. Rd8 Rd4 63. Kc3 g5 64. Be3 Rd1 65. Bd2 Ne5 66. Kc2 Rh1 67.
Rd6 Nc4 68. Rd7+ Kc6 69. Rf7 Rxh2 70. a6 Rxd2+ 71. Kc3 Nd6 0-1

[Event "5th Classic Open 2013"]
[Site "London ENG"]
[Date "2013.12.08"]
[Round "2.65"]
[White "Whatley, Stephen A J"]
[Black "Hebbes, Tim"]
[Result "0-1"]
[WhiteElo "1852"]
[BlackElo "2104"]
[WhiteFideId "420441"]
[BlackFideId "406570"]
[EventDate "2013.12.07"]

1. e4 e6 2. d4 d5 3. Nc3 Nf6 4. Bg5 Be7 5. e5 Nfd7 6. h4 h6 7. Bxe7 Qxe7 8. Qg4
Kf8 9. f4 c5 10. Nf3 Nc6 11. O-O-O a6 12. dxc5 Nxc5 13. Qh3 b5 14. Nd4 Nxd4 15.
Rxd4 b4 16. Nd1 a5 17. Kb1 g6 18. g4 Bd7 19. Rg1 Rc8 20. f5 exf5 21. Qg3 Ne4 22.
Qf4 Qc5 23. c3 bxc3 24. bxc3 Nxc3+ 25. Nxc3 Qxc3 26. e6 Bxe6 27. Bd3 Kg7 28. Bc4
dxc4 29. Qe5+ Kh7 30. Rd5 Rb8+ 0-1

[Event "5th Classic Open 2013"]
[Site "London ENG"]
[Date "2013.12.08"]
[Round "2.66"]
[White "Compton, Alistair"]
[Black "Shah, Dipak K"]
[Result "1-0"]
[WhiteElo "2101"]
[BlackElo "1886"]
[WhiteFideId "4300645"]
[BlackFideId "425842"]
[EventDate "2013.12.07"]

1. e4 e5 2. Nf3 Nc6 3. Bc4 h6 4. c3 d6 5. d4 Bd7 6. O-O Nf6 7. b4 Be7 8. b5 Na5
9. Bd3 Bg4 10. Nbd2 exd4 11. cxd4 c5 12. h3 Bh5 13. Qa4 b6 14. Bb2 O-O 15. Rae1
Nh7 16. Qc2 Ng5 17. Nxg5 hxg5 18. e5 g4 19. hxg4 Bxg4 20. Bh7+ Kh8 21. Bf5 Bxf5
22. Qxf5 dxe5 23. Rxe5 cxd4 24. Rd5 Qc8 25. Qh5+ Kg8 26. Bxd4 Qe6 27. Re5 Qd6
28. Nf3 Bf6 29. Rd5 Qb4 30. Bxf6 gxf6 31. Rd4 1-0

[Event "5th Classic Open 2013"]
[Site "London ENG"]
[Date "2013.12.08"]
[Round "2.67"]
[White "Gupta, Arul"]
[Black "Hill, Alistair"]
[Result "0-1"]
[WhiteElo "1840"]
[BlackElo "2097"]
[WhiteFideId "422622"]
[BlackFideId "432407"]
[EventDate "2013.12.07"]

1. e4 c6 2. d4 d5 3. exd5 cxd5 4. Bd3 Nc6 5. c3 Qc7 6. h3 Nf6 7. Nf3 g6 8. Bg5
Bg7 9. Nbd2 Bf5 10. Qe2 Bxd3 11. Qxd3 O-O 12. O-O Nd7 13. Rfe1 e6 14. a4 Rfc8
15. g3 Na5 16. Bf4 Qb6 17. Reb1 Nc4 18. Nxc4 Rxc4 19. Nd2 Rc6 20. Ra3 Qd8 21. a5
a6 22. b4 e5 23. dxe5 Nxe5 24. Bxe5 Bxe5 25. Nf3 Bf6 26. Rd1 Rac8 27. Qxd5 Qxd5
28. Rxd5 Rxc3 29. Rxc3 Rxc3 30. Nd2 Rc2 31. Ne4 Be7 32. Nd6 Rb2 33. b5 axb5 34.
Nxb7 b4 35. Rb5 Ra2 36. Nc5 Ra3 37. Kg2 Kg7 38. Na6 b3 39. Nc5 b2 40. Ne4 Ra4
41. Nd2 Rb4 42. Rb6 Bc5 43. Rc6 Bd4 44. Nb1 Ra4 45. Rd6 Bf6 46. Rd1 Rxa5 47. h4
Rc5 48. Kf3 Kf8 49. Ke3 Ke7 50. Kd2 Kd6 51. Na3 Rd5+ 52. Kc2 Rxd1 53. Kxd1 Kd5
54. Ke2 Kc5 55. Kd3 h5 56. Nb1 Bd4 57. f3 Bf2 58. Kc2 Bxg3 59. Kxb2 Kd4 60. Kc2
Ke3 61. Nd2 Bxh4 62. Nc4+ Kxf3 63. Ne5+ Ke2 64. Nxf7 g5 65. Nd6 g4 66. Nf5 Bf2
67. Ng7 h4 68. Nh5 Kf3 69. Kd3 h3 0-1

[Event "5th Classic Open 2013"]
[Site "London ENG"]
[Date "2013.12.08"]
[Round "2.69"]
[White "Tsifanskaya, Ludmila A"]
[Black "Solli, Oddvar"]
[Result "1-0"]
[WhiteTitle "WIM"]
[WhiteElo "2093"]
[BlackElo "1849"]
[WhiteFideId "2802368"]
[BlackFideId "1501208"]
[EventDate "2013.12.07"]

1. Nf3 Nf6 2. g3 d5 3. Bg2 Bf5 4. O-O e6 5. d3 Nbd7 6. Nbd2 h6 7. e3 Be7 8. Qe2
c6 9. b3 O-O 10. Bb2 Qa5 11. e4 dxe4 12. dxe4 Bg6 13. e5 Nd5 14. Ne4 Nc5 15. Nd6
Qc7 16. Ba3 Na6 17. Nd4 Nab4 18. Qd2 a5 19. c4 Nb6 20. Bxb4 axb4 21. Qxb4 Rfb8
22. c5 Nd7 23. f4 Ra7 24. Qc4 Nf8 25. b4 Ra3 26. Rfd1 Rba8 27. g4 R8a4 28. f5
exf5 29. gxf5 Bh5 30. Re1 Bg5 31. Nc2 Bd2 32. Nxa3 Bxe1 33. Nc2 Bd2 34. Qh4 g6
35. Ne4 Bg5 36. Qg3 Qd8 37. Qb3 b5 38. cxb6 Qxb6+ 39. Kh1 Ra7 40. a4 gxf5 41.
Nd6 Qd8 42. Nd4 Rc7 43. Nxc6 Qd7 44. b5 Ng6 45. b6 1-0

[Event "5th Classic Open 2013"]
[Site "London ENG"]
[Date "2013.12.08"]
[Round "2.70"]
[White "Dror, Levi"]
[Black "Grove, Michael"]
[Result "0-1"]
[WhiteElo "1835"]
[BlackElo "2091"]
[WhiteFideId "2809583"]
[BlackFideId "2403943"]
[EventDate "2013.12.07"]

1. e4 e5 2. Nf3 Nc6 3. Bb5 Nf6 4. d3 Bc5 5. O-O d6 6. h3 Bd7 7. Nc3 a6 8. Ba4 h6
9. Bd2 b5 10. Bb3 Ne7 11. Re1 Ng6 12. a4 O-O 13. Nd5 c6 14. Nxf6+ Qxf6 15. Be3
Bxe3 16. Rxe3 Nf4 17. Nh2 h5 18. c3 c5 19. Rf3 c4 20. dxc4 Qg6 21. g3 Nxh3+ 22.
Kf1 bxa4 23. Bc2 Rab8 24. Rb1 Be6 25. Bd3 Rb3 26. Qe2 Rfb8 27. Qd1 Bd7 28. Qc1
Be6 29. Ke1 Qg5 30. Qc2 a3 31. Qd1 0-1